Statistics for Word Scramble - Colors

Click here to take the quiz!

General Stats

  • This quiz has been taken 56,238 times
  • The average score is 17 of 32

Answer Stats

ScrambleColor% Correct
EJTJET
99%
ANTTAN
99%
IKNPPINK
92%
ADEJJADE
89%
EHITWWHITE
86%
AELTTEAL
84%
EEGNRGREEN
83%
BNORWBROWN
83%
AOPTZTOPAZ
72%
ELPPRUPURPLE
71%
CEPUPUCE
69%
ACEHPPEACH
69%
DGIINOINDIGO
65%
ACNYCYAN
63%
AEMUVMAUVE
63%
EILRSVSILVER
58%
AEINNSSIENNA
51%
AERUZAZURE
50%
CERUECRU
39%
AEPTUTAUPE
39%
BENORZBRONZE
36%
EEIIKLNPRWPERIWINKLE
33%
EIOQRSTUUTURQUOISE
27%
ABCLOTCOBALT
27%
ACFHISUFUCHSIA
25%
CEEIRSCERISE
22%
ERSSTURUSSET
21%
ADEELNRVLAVENDER
18%
ADEELMREMERALD
13%
ACEELNRUCERULEAN
11%
ACEEHRRSTUCHARTREUSE
10%
DEGIIRRSVVERDIGRIS
8%

Score Distribution

Percentile by Number Answered

Percent of People with Each Score

Your Score History

You have not taken this quiz